| 000 | 00611nam a2200169 i 4500 | ||
|---|---|---|---|
| 001 | bg | ||
| 100 | 1 | _aKORNILUK, Włodzimierz. | |
| 245 | 0 |
_aLaboratorium elektroenergetycznej automatyki zabezpieczeniowej. _nCz. 1, _pBadanie elementów i prostych przekaźników / _cWłodzimierz Korniluk. |
|
| 260 |
_aBiałystok : _bWydawnictwa Politechniki Białostockiej, _c1978. |
||
| 650 | 9 |
_aElektroenergetyka _xurządzenia _xbezpieczeństwo i higiena pracy |
|
| 655 | _aPodręczniki akademickie | ||
| 040 | _cBPK | ||
| 041 | _apol | ||
| 080 | _a621.31(075.8) | ||
| 942 | _cKS | ||
| 008 | s pl f |000 0 pol | ||
| 999 |
_c18545 _d18545 |
||
| 856 |
_uhttp://koha.tu.koszalin.pl/cgi-bin/koha/opac-detail.pl?biblionumber=18545 _yKatalog online BPK |
||